| 000 | 00342nam a22001217a 4500 | ||
|---|---|---|---|
| 999 |
_c8072 _d8072 |
||
| 008 | 200706b ||||| |||| 00| 0 eng d | ||
| 020 | _a9788192819006 | ||
| 082 |
_a728.0954 _bNAG |
||
| 100 | _a Nagarajan, T. S. | ||
| 245 | _aT.S. Nagarajan : vanishing homes of India Nagarajan, T. S. | ||
| 260 |
_aMumbai _bHECAR Foundation _c2013 |
||
| 942 | _2ddc | ||